000 00300nam a22001457a 4500
003 SGT
020 _a9789388778954
082 _a339
_bCHO
100 _aCHOPRA P N
245 _aMACRO ECONOMICS
250 _a7
260 _aDELHI
_bKALYANI PUBLICATION
_c2019
300 _a34.24
942 _2ddc
_cBK
999 _c25735
_d25735